<?xml version="1.0" encoding="UTF-8"?>
<record
    xmlns:xsi="http://www.w3.org/2001/XMLSchema-instance"
    xsi:schemaLocation="http://www.loc.gov/MARC21/slim http://www.loc.gov/standards/marcxml/schema/MARC21slim.xsd"
    xmlns="http://www.loc.gov/MARC21/slim">

  <leader>00966nam a22002417a 4500</leader>
  <controlfield tag="005">20170124103043.0</controlfield>
  <datafield tag="010" ind1=" " ind2=" ">
    <subfield code="a">A-614730</subfield>
  </datafield>
  <datafield tag="020" ind1=" " ind2=" ">
    <subfield code="c">45.00</subfield>
  </datafield>
  <datafield tag="035" ind1=" " ind2=" ">
    <subfield code="a">A-614730</subfield>
  </datafield>
  <datafield tag="037" ind1=" " ind2=" ">
    <subfield code="b">Cen Lib/Ret</subfield>
  </datafield>
  <datafield tag="040" ind1=" " ind2=" ">
    <subfield code="a">DPL</subfield>
    <subfield code="b">HN</subfield>
  </datafield>
  <datafield tag="082" ind1=" " ind2=" ">
    <subfield code="a">&#x915; </subfield>
    <subfield code="b">&#x935;&#x93F;&#x937;&#x94D;&#x923;&#x941;&#x92A;&#x94D;&#x930; </subfield>
  </datafield>
  <datafield tag="100" ind1=" " ind2=" ">
    <subfield code="a">&#x935;&#x93F;&#x937;&#x94D;&#x923;&#x941; &#x92A;&#x94D;&#x930;&#x92D;&#x93E;&#x915;&#x930; </subfield>
    <subfield code="9">67795</subfield>
  </datafield>
  <datafield tag="245" ind1=" " ind2=" ">
    <subfield code="a">&#x927;&#x930;&#x924;&#x940; &#x905;&#x92C; &#x92D;&#x940; &#x918;&#x942;&#x92E; &#x930;&#x939;&#x940; &#x939;&#x948; /</subfield>
    <subfield code="c">&#x935;&#x93F;&#x937;&#x94D;&#x923;&#x941;  &#x92A;&#x94D;&#x930;&#x92D;&#x93E;&#x915;&#x930; </subfield>
  </datafield>
  <datafield tag="246" ind1=" " ind2=" ">
    <subfield code="a">Dharti ab bhi ghoom rahi hai /</subfield>
    <subfield code="b">by Vishnu Prabhakar</subfield>
  </datafield>
  <datafield tag="260" ind1=" " ind2=" ">
    <subfield code="b">&#x930;&#x93E;&#x91C;&#x92A;&#x93E;&#x932; &#x90F;&#x902;&#x921; &#x938;&#x928;&#x94D;&#x91C;&#x93C; </subfield>
    <subfield code="c">1992</subfield>
  </datafield>
  <datafield tag="300" ind1=" " ind2=" ">
    <subfield code="a">171&#x92A;&#x943;. </subfield>
    <subfield code="c">17&#x938;&#x947;&#x92E;&#x940;(&#x938;&#x91C;&#x93F;&#x932;&#x94D;&#x926; ) </subfield>
  </datafield>
  <datafield tag="650" ind1=" " ind2=" ">
    <subfield code="a">&#x939;&#x93F;&#x902;&#x926;&#x940; &#x938;&#x93E;&#x939;&#x93F;&#x924;&#x94D;&#x92F; </subfield>
    <subfield code="x"> </subfield>
    <subfield code="z"> </subfield>
    <subfield code="9">67796</subfield>
  </datafield>
  <datafield tag="650" ind1=" " ind2=" ">
    <subfield code="a">&#x939;&#x93F;&#x902;&#x926;&#x940; &#x938;&#x93E;&#x939;&#x93F;&#x924;&#x94D;&#x92F;--&#x932;&#x918;&#x941; &#x915;&#x925;&#x93E;&#x90F;&#x901; 	</subfield>
    <subfield code="9">67797</subfield>
  </datafield>
  <datafield tag="650" ind1=" " ind2=" ">
    <subfield code="a">Hindi literature</subfield>
    <subfield code="v"> </subfield>
    <subfield code="9">67798</subfield>
  </datafield>
  <datafield tag="650" ind1=" " ind2=" ">
    <subfield code="a">Hindi literature--Short Stories </subfield>
    <subfield code="9">67799</subfield>
  </datafield>
  <datafield tag="942" ind1=" " ind2=" ">
    <subfield code="2">ddc</subfield>
    <subfield code="c">HN</subfield>
    <subfield code="h">&#x915; </subfield>
    <subfield code="m">&#x935;&#x93F;&#x937;&#x94D;&#x923;&#x941;&#x92A;&#x94D;&#x930; </subfield>
  </datafield>
  <datafield tag="999" ind1=" " ind2=" ">
    <subfield code="c">116693</subfield>
    <subfield code="d">116693</subfield>
  </datafield>
  <datafield tag="952" ind1=" " ind2=" ">
    <subfield code="0">0</subfield>
    <subfield code="1">0</subfield>
    <subfield code="4">0</subfield>
    <subfield code="7">0</subfield>
    <subfield code="a">L</subfield>
    <subfield code="b">L</subfield>
    <subfield code="d">2015-08-25</subfield>
    <subfield code="e">Cen Lib/Ret</subfield>
    <subfield code="g">45.00</subfield>
    <subfield code="l">0</subfield>
    <subfield code="o">&#x915;  &#x935;&#x93F;&#x937;&#x94D;&#x923;&#x941;&#x92A;&#x94D;&#x930;</subfield>
    <subfield code="p">A-614730</subfield>
    <subfield code="r">2015-08-25 00:00:00</subfield>
    <subfield code="t">1</subfield>
    <subfield code="v">45.00</subfield>
    <subfield code="w">2015-08-25</subfield>
    <subfield code="y">HN</subfield>
  </datafield>
</record>
